Poesía completa
সংরক্ষণ করুন:
| প্রধান লেখক: | |
|---|---|
| বিন্যাস: | গ্রন্থ |
| ভাষা: | স্প্যানিশ |
| প্রকাশিত: |
Ciudad de México
Fondo de Cultura Económica
1995
|
| সংস্করন: | 2a. ed |
| মালা: | Letras Mexicanas
|
| বিষয়গুলি: | |
| ট্যাগগুলো: |
ট্যাগ যুক্ত করুন
কোনো ট্যাগ নেই, প্রথমজন হিসাবে ট্যাগ করুন!
|
MARC
| LEADER | 00000cam a2200000 a 4500 | ||
|---|---|---|---|
| 001 | UCE9583 | ||
| 003 | CL-VaPUC | ||
| 008 | 151029e19950000mx |||||||||||||||||spa|d | ||
| 020 | |a 9789681647469 | ||
| 082 | 0 | 4 | |a Me861 |b HUE |2 21 |
| 100 | 0 | |a Huerta, Efraín |e author |9 582462 | |
| 245 | 1 | 0 | |a Poesía completa |
| 250 | |a 2a. ed | ||
| 300 | |a 622 p | ||
| 942 | |c BK | ||
| 945 | |d 20151029 22:28:00 |a dcastane | ||
| 260 | |a Ciudad de México |b Fondo de Cultura Económica |c 1995 | ||
| 650 | 7 | |a POESIAS MEXICANAS |2 CL-VaPUC |9 314784 | |
| 650 | 0 | |a Literatura mexicana |9 313097 | |
| 583 | |a last modification |c 20151029 22:28:00 |k Rodrigo Vera | ||
| 490 | 0 | |a Letras Mexicanas | |
| 999 | |c 361247 |d 361245 | ||
| 952 | |0 0 |1 0 |3 erd |4 0 |6 ME_861_000000000000000_HUE_1995 |7 0 |8 A |9 471648 |a BIBEDU |b BIBEDU |c ES_NOD |i 5246032 |l 5 |o Me861 HUE 1995 |p 5246032 |r 2023-08-09 |s 2022-05-17 |w 2019-11-24 |y BK |z Catalogado en:20151029 |k LIT | ||